| 000 | 00912nab a2200265 u 4500 | ||
|---|---|---|---|
| 001 | 10318 | ||
| 003 | HDC | ||
| 007 | cr bn ---aaaaa | ||
| 008 | 210204c20100226my dr|nes 0 a may d | ||
| 040 | _aHDC | ||
| 100 |
_aNadzarul Amir Zainal Azam, _eauthor _99705 |
||
| 245 | 0 |
_aPengguna yakin, bisnes maju / _cby Nadzarul Amir Zainal Azam, Ammar Jazlan Mad Lela and Nurul Izza Rosly |
|
| 260 |
_aKuala Lumpur : _bMedia Mulia Sdn. Bhd., _c2010 |
||
| 336 |
_atext _2rdacontent |
||
| 337 |
_acomputer _2rdamedia |
||
| 338 |
_aonline resource _2rdacarrier |
||
| 650 |
_aHalal food industry _9128 |
||
| 650 |
_aHalal food _950 |
||
| 650 |
_aHalal product _948 |
||
| 710 | _aKosmo | ||
| 856 | _zRequest full-text at [email protected] | ||
| 942 | _2lcc | ||
| 942 | _cNEWS | ||
| 942 | _kNWSC 003837 | ||
| 999 |
_c7641 _d7641 |
||